MARC

LEADER 00000nab a2200000 a 4500
001 vtls000869619
003 SK-MaSNL
005 20260304124543.0
008 250429c2004 xo 0 slo
015 |a SNBRB2004/04-12549 
035 |a CLN000221171 
035 |a urn:nbn:sk:snk-abs6h 
035 |a (urnnbn)urn:nbn:sk:snk:ar-a05ga1 
035 |a (uuid)85fa60b0-7608-430e-85da-631905a37ba4 
040 |a SNKBUCL  |b slo  |c SNKBUCL  |e AACR2 
041 0 |a slo 
044 |a xo  |c SK 
080 |a 616.74-007.23-053.9  |2 1997 
100 1 |a Hanisková, Tamara  |4 aut  |9 72899 
245 1 0 |a Sarkopénia  |c T. Hanisková, Š. Krajčík 
246 1 1 |a Sarcopenia 
504 |a Res. angl., slov. 
504 |a Bibliogr. odkazy 
650 0 7 |a starnutie  |2 snkbucl  |9 2599 
650 0 7 |a svalová atrofia  |2 snkbucl  |9 54428 
650 0 7 |a poruchy chôdze  |2 snkbucl  |9 182985 
650 0 7 |a úbytok svalovej hmoty  |2 snkbucl  |9 1435763 
650 0 7 |a pády (úrazy)  |2 snkbucl  |9 192324 
650 0 7 |a pády v starobe  |2 snkbucl  |9 192331 
650 0 7 |a sarkopénia  |2 snkbucl  |9 1059145 
655 7 |a články z novín a časopisov  |2 snkbucl  |9 267496 
700 1 |a Krajčík, Štefan,  |d 1950-  |4 aut  |9 207116 
773 0 |t Geriatria  |g Roč. 10, č. 1 (2004), s. 43-45  |x 1335-1850 
850 |a Slovenská národná knižnica 
852 |a Slovenská národná knižnica 
954 |a odborná, vedecká literatúra pôvodná (slovenská)  |2 lita 
958 |a article27 
958 |a MI 
958 |a NB 
958 |a OND 
958 |a EUIPO 
999 |c 2891632  |d 2893562